La construcción de la inteligencia en la interacción social: aprendiendo con los compañeros

Gespeichert in:
Bibliographische Detailangaben
1. Verfasser: Perret-Clermont, Anne-Nelly (VerfasserIn)
Format: Buch
Sprache:Spanisch
Veröffentlicht: Madrid Visor 1984
Schlagworte:
Tags: Tag hinzufügen
Keine Tags, Fügen Sie den ersten Tag hinzu!

MARC

LEADER 00000nam a2200000 a 4500
001 UCW4082
003 CL-VaPUC
008 890825e19840000SP |||||||||||||||||spa|d
082 0 4 |a 155.413  |b PER  |2 21 
100 0 |a Perret-Clermont, Anne-Nelly  |e author  |9 308643 
245 1 3 |a La construcción de la inteligencia en la interacción social: aprendiendo con los compañeros 
300 |a 245 p 
942 |c BK 
945 |d 19890825 00:00:00 
260 |a Madrid  |b Visor  |c 1984 
650 0 |a Interacción social   |9 307764 
650 0 |a Tests psicológicos  |9 308644 
650 0 |a Psicología social   |9 222894 
650 0 |a Relaciones humanas  |9 307340 
583 |a last modification  |c 19890825 00:00:00  |k Rodrigo Vera 
999 |c 217902  |d 217900 
952 |0 0  |1 0  |4 0  |6 155_413000000000000_PER_1984  |7 0  |8 A  |9 206535  |a BIBEDU  |b BIBEDU  |d 2019-11-15  |i 2743523  |o 155.413 PER 1984  |p 2743523  |r 2019-11-15  |w 2019-11-15  |y BK  |k EDU 
952 |0 0  |1 0  |4 0  |6 155_413000000000000_PER_1984  |7 0  |8 A  |9 206536  |a BIBEDU  |b BIBEDU  |d 2019-11-15  |i 2743531  |o 155.413 PER 1984  |p 2743531  |r 2019-11-15  |w 2019-11-15  |y BK  |k EDU 
952 |0 0  |1 0  |4 0  |6 155_413000000000000_PER_1984  |7 0  |8 A  |9 206537  |a FDOPOS  |b FDOPOS  |d 2019-11-15  |i 4317858  |o 155.413 PER 1984  |p 4317858  |r 2025-01-22  |w 2019-11-15  |y BK  |k MLA